Score 0/15 Timer 01:00
2 Plays Today
Hint Answer % Correct
Olympian godZeus
90%
CountryZimbabwe (Zambia)
88.7%
Dance fitness programZumba
87.9%
Ben Stiller movieZoolander
78.2%
Greek letterZeta
71.1%
Popular Halloween monster costumeZombie
70.3%
Diamond League venue SwitzerlandZurich
67%
US President (first name)Zachary
64%
Hint Answer % Correct
Link (character) video gameZelda
54.9%
ElementZinc (Zirconium)
49.9%
Marx BrotherZeppo
47.8%
European capitalZagreb
47.1%
Futurama doctorZoidberg
29.3%
Toy Story villainZurg
22.9%
French author: GerminalZola
17.9%
Remove Ads.
Support Sporcle.
Get the best of Sporcle when you Go Orange. This ad-free experience offers more features, more stats, and more fun while also helping to support Sporcle. Thank you for becoming a member.

You're not logged in!

Compare scores with friends on all Sporcle quizzes.
OR
Log In

Sporcle TV

Today on Sporcle TV


Watch our educational content, quiz creation guides, and fun videos on Sporcle TV.

Show Comments

Extras

Top Quizzes Today


Score Distribution

Paid Content

Your Account Isn't Verified!

In order to create a playlist on Sporcle, you need to verify the email address you used during registration. Go to your Sporcle Settings to finish the process.

Report this User

Report this user for behavior that violates our Community Guidelines.

Details: